000 01343nam a2200421 i 4500
001 16773
003 KOSZ 005
005 20191029081225.0
008 081003s1960 pl a f |000 0 pol
015 _aPB 1960/5402
035 _a(PL-WaBN)b22487311-48omnis_nlop
035 _ab22487311
035 _a(OCoLC)836138291
035 _a(PL)b0000022487311
040 _aWA N
_cWA N
_dKOSZ 005/HR
046 _k1964
080 _a624.011.1
080 _a694
100 1 _aCzechowicz, Jerzy
_c(nauki techniczne).
_eAutor
245 1 0 _aKonstrukcje drewniane klejone /
_cJerzy Czechowicz.
260 _aWarszawa :
_b"Arkady",
_c1960.
300 _a353, [1] s. :
_bil. ;
_c25 cm.
336 _2rdacontent
_aTekst
_btxt
337 _2rdamedia
_aBez urządzenia pośredniczącego
_bn
338 _2rdacarrier
_aWolumin
_bnc
380 _aKsiążki
380 _aPublikacje fachowe
388 _a1901-2000
504 _aBibliogr.
521 8 _aDla inżynierów, projektantów i wykonawców.
658 _aArchitektura i budownictwo
650 7 _aKonstrukcje drewniane
_2DBN
650 7 _aKlejenie
_2DBN
710 2 _aWydawnictwo Arkady
_4pbl
856 _uhttp://koha.tu.koszalin.pl/cgi-bin/koha/opac-detail.pl?biblionumber=16773
_yKatalog online BPK
942 _2UKD
_cKS
999 _c16773
_d16773